| 000 | 00735nam a22002177a 4500 | ||
|---|---|---|---|
| 003 | OSt | ||
| 005 | 20250725091850.0 | ||
| 008 | 250725b |||||||| |||| 00| 0 eng d | ||
| 020 | _a978-621-04-5090-3 | ||
| 040 |
_aDWC-Main Lib _cOC |
||
| 082 | _aFil. 499.211 G642g 2024 | ||
| 100 | _aGonzaga- Merida, Marina | ||
| 245 |
_aGamhanan : _bintroduksiyon sa wika/ _cMarina Gonzaga- Merida & Greg Tabios Paliwen |
||
| 250 | _a1st edition | ||
| 260 |
_aSampaloc, Manila, Philippines : _bRex Bookstore, _cc2024. |
||
| 300 |
_avi, 238 pages : _billustrations ; _c25cm. |
||
| 504 | _aIncludes index. | ||
| 650 | _a1. Filipino language- Grammar | ||
| 650 | _a2. Filipino- study and teaching | ||
| 942 |
_2ddc _cBK - FIL _e1st edition _kFil. _n0 |
||
| 999 |
_c3824 _d3824 |
||